Diseño de un mini acueducto por gravedad en la comunidad de campo hermoso, municipio de Jalapa, departamento de Nueva Segovia.
Presenta el diseño de un mini acueducto por gravedad en la comunidad de campo hermoso, municipio de Jalapa, departamento de Nueva Segovia, primeramente se realizó una investigación de la problemática de la zona en estudio, antecedentes, justificación y planteamiento del problemas, se realizaron...
| Main Author: | |
|---|---|
| Other Authors: | |
| Format: | Tesis Section = Libro |
| Language: | Undetermined Spanish |
| Published: |
Managua
UNI/RUACS
2014
|
| Subjects: |
| LEADER | 01175nam a2200241Ia 4500 | ||
|---|---|---|---|
| 008 | 240830s9999 xx 000 0 und d | ||
| 040 | |a BIBLIOTECA-RUPAP Mon 628.72 A189 | ||
| 041 | |a spa | ||
| 082 | |a Mon 628.72 A189 | ||
| 100 | 1 | |a Acuña Salcedo, Delia María | |
| 245 | 1 | 0 | |a Diseño de un mini acueducto por gravedad en la comunidad de campo hermoso, municipio de Jalapa, departamento de Nueva Segovia. |
| 260 | |a Managua |b UNI/RUACS |c 2014 | ||
| 300 | |a 75 p. :il. | ||
| 500 | |a Contiene: anexos. | ||
| 502 | |a Tesis (Ingeniero Civil)- UNI, 2014. | ||
| 520 | 3 | |a Presenta el diseño de un mini acueducto por gravedad en la comunidad de campo hermoso, municipio de Jalapa, departamento de Nueva Segovia, primeramente se realizó una investigación de la problemática de la zona en estudio, antecedentes, justificación y planteamiento del problemas, se realizaron los estudios básico para el diseño hidráulico y la elaboración de costos y presupuestos. | |
| 650 | 7 | |a ABASTECIMIENTO DE AGUA | |
| 650 | 7 | |b SUMINISTRO DE AGUA | |
| 650 | 7 | |c INGENIERIA HIDRAULIZA | |
| 700 | 1 | |a Tutor: |b Loaísiga, Henry Eduardo | |
| 942 | |c BK |2 ddc | ||
| 991 | |a TESIS | ||
| 999 | |c 16440 | ||